000 00403pab a2200157 454500
008 180718b2012 xxu||||| |||| 00| 0 eng d
100 _aJayaraman, T.
245 _aHolding back the 'green economy' idea but for how long
260 _c2012
300 _ap.14-16.
362 _a14 Jul
650 _aSustainable development
773 _aEconomic and Political Weekly
908 _aN
909 _a97101
999 _c97101
_d97101